First Lines of Lana Del Rey Songs - Hard - Statistics

General Stats
  • This quiz has been taken 27 times
  • The average score is 8 of 16
Answer Stats
Hint Answer % Correct
White lines, pretty babies, tattoos Florida Kilos
82%
Finally, I'm crossing the threshold Get Free
82%
John met me down on the boulevard How to disappear
82%
Don't have to write me a letter, 'Cause I'll always be right here Sweet Carolina
77%
Grenadine quarantine, I like you a lot Black Bathing Suit
64%
Don't you dare say that you'll braid my hair, babe If you don't really care Fishtail
64%
Let's get out of this town, baby we're on fire Lucky Ones
64%
I like the snake on your tattoo Yayo
59%
I like to see everything in neon Fuck it I love you
50%
There's something in the wind, I can feel it blowin' in Change
36%
Sun stare, don't care with my head in my hands thinking of a simpler time White Dress
36%
White fire, cinnamon on my teeth Candy Necklace (feat. Jon Batiste)
32%
Take me as I am, take me baby, in stride God Bless America - And All The Beautiful Women In It
32%
It's never too late to be who you wanna be (swimmin' in my safe) Summer Bummer (feat. A$AP Rocky & Playboy Carti)
32%
Carry me home, got my blue nails polish on The Blackest Day
32%
I slept last night in a good hotel For Free (feat. Zella Day, Weyes Blood)
18%
No matching quizzes found
Score Distribution
Percent of People with Each Score
Percentile by Number Answered
Your Score History
You have not taken this quiz